La argentina , un país a la deriva? : desafíos y alternativas (1930 hasta la actualidad) /
Guardado en:
| Autor Principal: | |
|---|---|
| Otros Autores: | , |
| Formato: | Libro |
| Publicado: |
Buenos Aires :
Longseller,
2002
|
| Series: | Historia polimodal
|
| Materias: | |
| Etiquetas: |
Agregar Etiqueta
Sin Etiquetas, Sea el primero en etiquetar este registro!
|
| LEADER | 00864nam a22002295a 4500 | ||
|---|---|---|---|
| 001 | CEM.cems013633 | ||
| 005 | 20120229095009.0 | ||
| 008 | 130507s2002##################000#0#####d | ||
| 003 | CEMS | ||
| 020 | |a 9879481798 | ||
| 082 | 0 | 4 | |a 982.06 |
| 100 | 1 | |a Canessa, Julio | |
| 245 | 1 | 0 | |a La argentina , un país a la deriva? : |b desafíos y alternativas (1930 hasta la actualidad) / |c Julio Canessa, Gerardo Serrano y Vilma Paura |
| 260 | |a Buenos Aires : |b Longseller, |c 2002 | ||
| 300 | |a 113 p. | ||
| 490 | 0 | |a Historia polimodal | |
| 505 | 0 | |a El rumbo de la política: entre la democracia y los golpes de Estado -- Estado, políticas y sectores económicos -- La cultura en una sociedad compleja | |
| 653 | |a Historia | ||
| 653 | |a Historia argentina | ||
| 700 | 1 | |a Serrano, Gerardo | |
| 700 | 1 | |a Paura, Vilma | |
| 859 | |a CEMS |b BIB. CEMS - 11 de abril |h 982.06 |i C162 |p 26277.12 |t Ej.1 | ||
